Biblioteca y Centro de Documentación

La protección de la situación de dependencia-pérdida de autonomía de las personas mayores en Francia (Registro nro. 36286)

Detalles MARC
000 -CABECERA
Longitud fija campo de control 01031naa a2200277 c 4500
001 - NÚMERO DE CONTROL
Número de control 36286
003 - IDENTIFICADOR DE NÚMERO DE CONTROL
Identificador del número de control ES-MaCES
005 - FECHA Y HORA DE LA ÚLTIMA TRANSACCIÓN
Fecha y hora de la última transacción 20060410125700.0
008 - CAMPO FIJO DE DESCRIPCIÓN FIJA--INFORMACIÓN GENERAL
Códigos de información de longitud fija   060410n2006 sp t 000 | spa d
035 ## - NÚMERO DE CONTROL DEL SISTEMA
Número de control del sistema CES20060005500v
040 ## - FUENTE DE CATALOGACIÓN
Centro catalogador de origen ES-MaCES
Lengua de catalogación spa
Centro transcriptor ES-MaCES
100 1# - ENCABEZAMIENTO PRINCIPAL--NOMBRE PERSONAL
Nombre de persona Hierro Hierro, Francisco Javier
9 (RLIN) 14820
245 13 - MENCIÓN DE TÍTULO
Título La protección de la situación de dependencia-pérdida de autonomía de las personas mayores en Francia
Mención de responsabilidad, etc. Francisco Javier Hierro Hierro
650 #4 - ASIENTO SECUNDARIO DE MATERIA--TÉRMINO DE MATERIA
Término de materia o nombre geográfico como elemento inicial Francia
9 (RLIN) 26943
650 #4 - ASIENTO SECUNDARIO DE MATERIA--TÉRMINO DE MATERIA
Término de materia o nombre geográfico como elemento inicial prestaciones de invalidez
9 (RLIN) 27036
650 #4 - ASIENTO SECUNDARIO DE MATERIA--TÉRMINO DE MATERIA
Término de materia o nombre geográfico como elemento inicial prestaciones de vejez
9 (RLIN) 27041
650 #4 - ASIENTO SECUNDARIO DE MATERIA--TÉRMINO DE MATERIA
Término de materia o nombre geográfico como elemento inicial cuidado no profesional
9 (RLIN) 30651
650 #4 - ASIENTO SECUNDARIO DE MATERIA--TÉRMINO DE MATERIA
Término de materia o nombre geográfico como elemento inicial dependencia
9 (RLIN) 29506
650 #4 - ASIENTO SECUNDARIO DE MATERIA--TÉRMINO DE MATERIA
Término de materia o nombre geográfico como elemento inicial protección social
9 (RLIN) 29076
650 #4 - ASIENTO SECUNDARIO DE MATERIA--TÉRMINO DE MATERIA
Término de materia o nombre geográfico como elemento inicial personas de edad avanzada
9 (RLIN) 28521
653 10 - TÉRMINO DE INDEXACIÓN--NO CONTROLADO
Término no controlado Asuntos Sociales
773 0# - ENTRADA DE DOCUMENTO FUENTE
Título Actualidad laboral
Parte(s) relacionada(s) n. 5 (1ª quinc. marzo 2006){10002 R. 063739}; p. 505-529
Número de control del registro relacionado (ES-MaCES)25022
Itemnumber del ítem fuente 29218
902 ## - CES. TIPO DE DOCUMENTO
Tipodoc (006$c Sirtex) ART Artículo de revista
942 ## - ELEMENTOS KOHA
Fuente de clasificaión o esquema Clasificación propia del CES
Koha [por defecto] tipo de item Artículos (1982-2017)
Parte de clasificación 3.3.

No hay ítems disponibles.

© CES, Consejo Económico y Social de España 2021